NBA Finals MVP By Year 2023-1969 - Statistics

General Stats
  • This quiz has been taken 75 times
  • The average score is 44 of 55
Answer Stats
Hint Answer % Correct
2020 LeBron James
100%
2016 LeBron James
100%
2013 Lebron James
100%
2012 Lebron James
100%
1998 Michael Jordan
98%
1997 Michael Jordan
98%
1996 Michael Jordan
98%
1993 Michael Jordan
98%
1992 Michael Jordan
98%
1991 Michael Jordan
98%
2022 Stephen Curry
98%
2021 Giannis Antetokounmpo
95%
2018 Kevin Durant
95%
2017 Kevin Durant
95%
2011 Dirk Nowitzki
94%
2023 Nikola Jokic
94%
2019 Kawhi Leonard
92%
2014 Kawhi Leonard
92%
2010 Kobe Bryant
92%
2009 Kobe Bryant
92%
1986 Larry Bird
92%
1984 Larry Bird
92%
2005 Tim Duncan
92%
2003 Tim Duncan
92%
1999 Tim Duncan
92%
1995 Hakeem Olajuwon
91%
1994 Hakeem Olajuwon
91%
1985 Kareem Abdul-Jabbar
89%
1971 Kareem Abdul-Jabbar
89%
2006 Dwyane Wade
86%
1987 Magic Johnson
86%
1982 Magic Johnson
86%
1980 Magic Johnson
86%
2008 Paul Pierce
86%
2002 Shaquille O'Neal
86%
2001 Shaquille O'Neal
86%
2000 Shaquille O'Neal
86%
2015 Andre Iguodala
83%
1990 Isiah Thomas
82%
2007 Tony Parker
77%
2004 Chauncey Billups
75%
1972 Wilt Chamberlain
75%
1979 Dennis Johnson
69%
1969 Jerry West
69%
1989 Joe Dumars
60%
1983 Moses Malone
55%
1974 John Havlicek
54%
1977 Bill Walton
48%
1988 James Worthy
48%
1975 Rick Barry
37%
1978 Wes Unseld
34%
1973 Willis Reed
34%
1970 Willis Reed
34%
1981 Cedric Maxwell
31%
1976 Joe White
0%
No matching quizzes found
Score Distribution
Percent of People with Each Score
Percentile by Number Answered
Your Score History
You have not taken this quiz